NUCLEAR PHYSICS (Record no. 9379)

MARC details
000 -LEADER
fixed length control field 00861nam a22001697a 4500
003 - CONTROL NUMBER IDENTIFIER
control field SGT
020 ## - INTERNATIONAL STANDARD BOOK NUMBER
International Standard Book Number 9788122434101
082 ## - DEWEY DECIMAL CLASSIFICATION NUMBER
Classification number 539.7,ROY
100 ## - MAIN ENTRY--PERSONAL NAME
Personal name ROY,R.R
245 ## - TITLE STATEMENT
Title NUCLEAR PHYSICS
250 ## - EDITION STATEMENT
Edition statement 2ND
260 ## - PUBLICATION, DISTRIBUTION, ETC. (IMPRINT)
Place of publication, distribution, etc NEW DELHI
Name of publisher, distributor, etc NEW AGE INTERNATIONAL
Year of Publication 2016
300 ## - PAGE DESCRIPTION
No. of Pages 587
650 ## - SUBJECT ADDED ENTRY--TOPICAL TERM
Topical term or geographic name as entry element MODERN PHYSICS
653 ## - KEYWORDS--INDEX TERM
Keyword term NUCLEAR SIZE AND NUCLEAR SHAPES, THE TWO-NUCLEON PROBLEM, PHENOMENOLOGY OF THE TWO-NUCLEON INTERACTION, SEMI-EMPIRICAL MASS FORMULAS AND NUCLEAR FISSION, NUCLEAR REACTIONS I: COMPOUND NUCLEUS AND STATISTICAL MODEL, NUCLEARE MODEL I : NUCLEARE-SHELL MODEL, NUCLEAR MODEL II: UNIFIED (COLLECTIVE) MODEL, MANY -BODY TREATMENT OF THE NUCLEUS, NUCLEAR REACTIONS II: OPTICAL MODEL, NUCLEAR REACTIONS III: DIRECT REACTIONS, ELECTROMAGNETIC INTERACTIONS WITH NUCLEI, BETA DECAY, APPENDIX A : MATHEMATICAL PRELIMINARIES.,
942 ## - ADDED ENTRY ELEMENTS (KOHA)
Source of classification or shelving scheme Dewey Decimal Classification
Koha item type FPS Books
Holdings
Withdrawn status Lost status Source of classification or shelving scheme Damaged status Not for loan Collection code Home library Current library Shelving location Date acquired Vendor Name Cost, normal purchase price SGTU Bill Number Full call number Accession No. (Barcode) Date last seen Bill Date Koha item type Total Checkouts Date last borrowed
    Dewey Decimal Classification   Not For Loan SCIENCE SGT Science & Social Sciences Library SGT Science & Social Sciences Library Reference Book 01/07/2016 AHUJA BOOKS 299.00 SGTU 2016-04-21 539.7,ROY PS1834 01/07/2016 21/04/2016 FPS Books    
    Dewey Decimal Classification     SCIENCE SGT Science & Social Sciences Library SGT Science & Social Sciences Library On Display 01/07/2016 AHUJA BOOKS 299.00 SGTU 2016-04-21 539.7,ROY PS1835 22/08/2019 21/04/2016 FPS Books 2 09/08/2019